Operations management / Nigel Slack, Alistair Brandon-Jones, Nicola Burgess. (Record no. 20289)

000 -LEADER
fixed length control field 00587nam a22001817a 4500
020 ## - INTERNATIONAL STANDARD BOOK NUMBER
ISBN 9781292408248
082 ## - DEWEY DECIMAL CLASSIFICATION NUMBER
Classification number 658.5
Item number Sl6311 2022
100 ## - MAIN ENTRY--AUTHOR NAME
Personal name Slack, Nigel, author.
245 ## - TITLE STATEMENT
Title Operations management / Nigel Slack, Alistair Brandon-Jones, Nicola Burgess.
250 ## - EDITION STATEMENT
Edition statement Tenth edition.
260 ## - PUBLICATION, DISTRIBUTION, ETC. (IMPRINT)
Place of publication Harlow, England :
Name of publisher Pearson,
Year of publication ©2022.
300 ## - PHYSICAL DESCRIPTION
Number of Pages xxv, 743 pages :
Other physical details illustrations ; 27 cm.
500 ## - GENERAL NOTE
General note Includes bibliographical references and index.
650 ## - SUBJECT ADDED ENTRY--TOPICAL TERM
Topical Term Operations management.
700 ## - ADDED ENTRY--PERSONAL NAME
Personal name Brandon-Jones, Alistair.
700 ## - ADDED ENTRY--PERSONAL NAME
Personal name Burgess, Nicola.
942 ## - ADDED ENTRY ELEMENTS (KOHA)
Koha item type Books
Holdings
Source of acquisition Permanent Location Date acquired Koha item type Collection code Accession Number Lost status Shelving location Withdrawn status Current Location Full call number
SchoolCagayan State University - Carig Library2025-03-10BooksApplied Sciences010673 General Collection Cagayan State University - Carig Library658.5 Sl6311 2022

Cagayan State University University Library, Carig Campus
Tuguegarao City, Cagayan 3500 | www.csucarig.edu.ph

Powered by Koha